000 00426nam a2200169Ia 4500
008 240729s9999 xx 000 0 und d
022 _a2673-3897
245 0 _aReproductive Medicine
260 _aSwitzerland
260 _bMDPI AG
650 _a Biology (General)
650 _a Reproduction
650 _aScience
856 _uhttps://doaj.org/toc/fb1837cb2da54af8bbd2dd80dddd4c1c
942 _2ddc
942 _cDOAJEJ
999 _c71891
_d71891
945 _a1
_bMadushi Gamage
_c1
_dMadushi Gamage